01813nam2a22002171 4500001001500000005001700015035002600032100004100058101001300099102000700112105001800119200006000137215001100197311008000208422007600288461114400364801001801508801002201526801002701548852002001575v19\rc\199539320260205133019.0 a(NLR Aleph) 005071651 a20080811d1914 u y0rusy50 ca1 aruscger aRU ay z |||||0 aВып. 1f[Предисл.: Иоганн Трюпер] a96 с. aБеспл. прил. к № 20 газ. "Шк. и жизнь" за 1914 г. 012001#$aШкола и жизнь$v1914, № 20tШкола и жизнь 01001v19\rc\199539212001#$aНедостатки характера в детском возрасте$eРуководство для воспитания в семье и в шк.$eАвториз. пер. с 3 нем. изд., перераб. и доп. Иоганном Трюпером, (дир. воспит. заведения в Софиенхэе близ Иены)$fФридрих Шольц, дир. Бремен. больницы$gПер. под ред. Л.Г. Оршанского. Вып. [1]-2$vВып. 11700#1$aШольц$bФ.$cврач$f1831-1907$gФридрих$3RU\NLR\AUTH\770289608aШольц, Ф. (врач ; 1831-1907)cСанкт-Петербургd1914fФридрих Шольц, дир. Бремен. больницыnгаз. "Шк. и жизнь"oРуководство для воспитания в семье и в шк. : Авториз. пер. с 3 нем. изд., перераб. и доп. Иоганном Трюпером, (дир. воспит. заведения в Софиенхэе близ Иены)p2 т.tНедостатки характера в детском возрастеvВып. 1 0aRUbNLRgpsbo 0aRUbRuMoRGB2psbo 1aRUbProSoft-M2rusmarc aNLRj37.48.4.11